[Event "Pasto op 3rd"]
[Site "Pasto"]
[Date "2023.02.17"]
[Round "1"]
[White "Barreiro Jurado, Frank"]
[Black "Martinez Pinchao, Juan Manuel"]
[Result "1-0"]
[WhiteElo "1945"]
[BlackElo "1694"]
[PlyCount "63"]
[EventDate "2023.02.17"]
[EventType "swiss"]
[EventRounds "6"]
[EventCountry "COL"]
[SourceTitle "EXT 2024"]
[Source "ChessBase"]
[SourceDate "2023.10.10"]
[SourceVersion "1"]
[SourceVersionDate "2023.10.10"]
[SourceQuality "1"]

1. Nf3 Nf6 2. g3 g6 3. Bg2 Bg7 4. 0-0 0-0 5. d4 d5 6. c4 c6 7. Nc3 dxc4 8. Ne5 Be6 9. e4 Qc7 10. Bf4 Nh5 11. Nxg6 Nxf4 12. Nxf4 Qc8 13. d5 cxd5 14. Ncxd5 Bxd5 15. Nxd5 Nc6 16. Rc1 Rd8 17. Rxc4 Qd7 18. Qh5 e6 19. Nf4 Ne5 20. Rc2 Rac8 21. Rxc8 Rxc8 22. Rd1 Qa4 23. a3 Qc2 24. h3 Qxb2 25. Qg5 Qxa3 26. Nh5 Qf8 27. Nf6+ Kh8 28. Qxe5 Qe7 29. Nd5 Qd8 30. Qh5 exd5 31. exd5 Qd7 32. Be4 1-0

[Event "Pasto Futuros Maestros-B"]
[Site "Pasto"]
[Date "2023.01.15"]
[Round "6"]
[White "Huertas Riascos, Edwin Mauricio"]
[Black "Martinez Pinchao, Juan Manuel"]
[Result "0-1"]
[WhiteElo "1734"]
[BlackElo "1750"]
[PlyCount "62"]
[EventDate "2023.01.13"]
[EventType "tourn"]
[EventRounds "7"]
[EventCountry "COL"]
[SourceTitle "CBM 212 Extra"]
[Source "ChessBase"]
[SourceDate "2023.03.31"]
[SourceVersion "1"]
[SourceVersionDate "2023.03.31"]
[SourceQuality "1"]

1. e4 c5 2. Nf3 d6 3. d4 cxd4 4. Nxd4 Nf6 5. Nc3 g6 6. Be2 Nc6 7. Be3 h5 8. f3 e5 9. Nb3 Be6 10. 0-0 Be7 11. Bg5 a6 12. Qd2 Bxb3 13. cxb3 0-0 14. Rac1 Nd4 15. Bd1 b5 16. Be3 Ne6 17. Bc2 Qd7 18. Rfd1 Rfd8 19. Bb6 Rdc8 20. Bf2 Kg7 21. g3 h4 22. Kg2 Nh5 23. Nd5 Bg5 24. f4 exf4 25. Nb6 f3+ 26. Kxf3 Bxd2 27. Nxd7 Bxc1 28. Nb6 Rxc2 29. Nxa8 Ng5+ 30. Kg2 Be3 31. Rf1 h3+ 0-1

[Event "Pasto Futuros Maestros-B"]
[Site "Pasto"]
[Date "2023.01.14"]
[Round "3"]
[White "Martinez Pinchao, Juan Manuel"]
[Black "Alpala Mejia, David Mauricio"]
[Result "1/2-1/2"]
[WhiteElo "1750"]
[BlackElo "1393"]
[PlyCount "117"]
[EventDate "2023.01.13"]
[EventType "tourn"]
[EventRounds "7"]
[EventCountry "COL"]
[SourceTitle "CBM 212 Extra"]
[Source "ChessBase"]
[SourceDate "2023.03.31"]
[SourceVersion "1"]
[SourceVersionDate "2023.03.31"]
[SourceQuality "1"]

1. e4 c5 2. Nf3 e6 3. d4 cxd4 4. c3 Nf6 5. Bg5 h6 6. Bxf6 Qxf6 7. cxd4 Nc6 8. Nc3 Bb4 9. e5 Bxc3+ 10. bxc3 Qe7 11. Bb5 0-0 12. Bxc6 bxc6 13. 0-0 c5 14. Nd2 Bb7 15. f4 f6 16. Qg4 f5 17. Qh5 Qf7 18. Qxf7+ Rxf7 19. Nb3 cxd4 20. cxd4 g5 21. Nc5 Bc6 22. Rab1 Rg7 23. g3 h5 24. fxg5 Rxg5 25. Rf4 Rg4 26. Kf2 Rxf4+ 27. gxf4 Kf7 28. Rb3 Rg8 29. Rg3 Rg4 30. Rxg4 fxg4 31. Kg3 Kg6 32. Nd3 Kf5 33. Nf2 Bf3 34. h4 Be2 35. a4 a5 36. Nh1 Bd1 37. Kf2 Bxa4 38. Ke3 g3 39. Nxg3+ Kg4 40. Ne4 Kxh4 41. Nf6 Bc6 42. d5 exd5 43. Kd4 a4 44. Kc3 Kg3 45. Nxh5+ Kg4 46. Ng7 Kxf4 47. e6 dxe6 48. Nxe6+ Ke5 49. Nd4 Bd7 50. Nc2 Ke4 51. Kb2 Bg4 52. Nb4 d4 53. Kc2 Be6 54. Kb2 Bb3 55. Ka3 Ke3 56. Kb2 Ke2 57. Ka3 Kd1 58. Kb2 Kd2 59. Nc6 1/2-1/2

[Event "COL-chT"]
[Site "Santa Marta"]
[Date "2022.11.04"]
[Round "5.1"]
[White "Cabas Martinez, Dilan Alexander"]
[Black "Martinez Pinchao, Juan Manuel"]
[Result "1-0"]
[WhiteElo "1563"]
[BlackElo "1770"]
[PlyCount "71"]
[EventDate "2022.11.02"]
[EventType "team-swiss"]
[EventRounds "7"]
[EventCountry "COL"]
[SourceTitle "CBM 211 Extra"]
[Source "ChessBase"]
[SourceDate "2023.01.31"]
[SourceVersion "1"]
[SourceVersionDate "2023.01.31"]
[SourceQuality "1"]
[WhiteTeam "Magdalena VI"]
[BlackTeam "Narino"]
[WhiteTeamCountry "COL"]
[BlackTeamCountry "COL"]

1. e4 g6 2. d4 Bg7 3. f4 d6 4. Nf3 Nd7 5. Bd3 c5 6. c3 Ngf6 7. 0-0 0-0 8. h3 h5 9. Be3 b6 10. Nbd2 Bb7 11. Qe1 d5 12. e5 Ne4 13. Bxe4 dxe4 14. Ng5 Rc8 15. e6 Nf6 16. exf7+ Rxf7 17. Nxf7 Kxf7 18. dxc5 bxc5 19. Rd1 Qa5 20. f5 Qxa2 21. fxg6+ Kxg6 22. Qh4 Qxb2 23. Nc4 Qxc3 24. Qg5+ Kh7 25. Ne5 Kg8 26. Ng6 Re8 27. Bxc5 Qa5 28. Nf4 Bc8 29. Ra1 Qd2 30. Bxa7 Nh7 31. Qg6 Rf8 32. Nxh5 Rxf1+ 33. Rxf1 Qg5 34. Qe8+ Nf8 35. Nxg7 Qxg7 36. Qxc8 1-0

[Event "COL-chT"]
[Site "Santa Marta"]
[Date "2022.11.04"]
[Round "4.1"]
[White "Martinez Pinchao, Juan Manuel"]
[Black "Gonzalez Iturriago, Joaquin"]
[Result "1-0"]
[WhiteElo "1770"]
[BlackElo "1673"]
[PlyCount "67"]
[EventDate "2022.11.02"]
[EventType "team-swiss"]
[EventRounds "7"]
[EventCountry "COL"]
[SourceTitle "CBM 211 Extra"]
[Source "ChessBase"]
[SourceDate "2023.01.31"]
[SourceVersion "1"]
[SourceVersionDate "2023.01.31"]
[SourceQuality "1"]
[WhiteTeam "Narino"]
[BlackTeam "Magdalena IV"]
[WhiteTeamCountry "COL"]
[BlackTeamCountry "COL"]

1. e4 e5 2. Nf3 Nc6 3. Bb5 Nd4 4. Nxd4 exd4 5. 0-0 Bc5 6. c3 Qh4 7. cxd4 Bxd4 8. Nc3 Nf6 9. h3 c6 10. Ba4 0-0 11. Bc2 Bxc3 12. dxc3 Nxe4 13. Qd4 d5 14. f3 f5 15. fxe4 fxe4 16. Rxf8+ Kxf8 17. Qf2+ Qxf2+ 18. Kxf2 Ke7 19. Be3 h5 20. Rf1 Bf5 21. Bg5+ Ke6 22. Ke3 b6 23. Bb3 g6 24. c4 Ke5 25. Rd1 dxc4 26. Bxc4 b5 27. Bb3 Rc8 28. h4 a6 29. Bh6 Kf6 30. Rd6+ Ke7 31. Bf4 a5 32. Kd4 c5+ 33. Ke3 b4 34. Ra6 1-0

[Event "COL-chT"]
[Site "Santa Marta"]
[Date "2022.11.03"]
[Round "2.1"]
[White "Martinez Pinchao, Juan Manuel"]
[Black "Agudelo, Carlos Hernan"]
[Result "1-0"]
[WhiteElo "1770"]
[BlackElo "2007"]
[PlyCount "75"]
[EventDate "2022.11.02"]
[EventType "team-swiss"]
[EventRounds "7"]
[EventCountry "COL"]
[SourceTitle "CBM 211 Extra"]
[Source "ChessBase"]
[SourceDate "2023.01.31"]
[SourceVersion "1"]
[SourceVersionDate "2023.01.31"]
[SourceQuality "1"]
[WhiteTeam "Narino"]
[BlackTeam "Quindio"]
[WhiteTeamCountry "COL"]
[BlackTeamCountry "COL"]

1. e4 e6 2. Qe2 b6 3. g3 Bb7 4. Nc3 g6 5. Bg2 Nc6 6. Nf3 Bg7 7. 0-0 Nge7 8. d3 d6 9. Be3 Qd7 10. d4 h6 11. d5 Nb4 12. Qd2 exd5 13. exd5 Nbxd5 14. Bd4 Nf6 15. a4 a5 16. Nb5 0-0-0 17. b4 axb4 18. Qxb4 c5 19. Na7+ Kb8 20. Qxb6 Nfd5 21. Qa5 cxd4 22. Rab1 Nc3 23. Ne5 Bxe5 24. Rxb7+ Qxb7 25. Bxb7 Kxb7 26. Nb5 Nxb5 27. Qxb5+ Kc7 28. Rb1 Rc8 29. f4 Bf6 30. Qc4+ Nc6 31. Qxf7+ Be7 32. Qxg6 h5 33. Qe6 h4 34. Kg2 hxg3 35. hxg3 Ra8 36. Ra1 Ra5 37. g4 Rc5 38. Ra3 1-0

[Event "Pasto Narino Cup"]
[Site "Pasto"]
[Date "2022.07.24"]
[Round "5"]
[White "Pai, Juan David"]
[Black "Martinez Pinchao, Juan Manuel"]
[Result "1-0"]
[WhiteElo "2078"]
[BlackElo "1612"]
[PlyCount "49"]
[EventDate "2022.07.23"]
[EventType "swiss"]
[EventRounds "6"]
[EventCountry "COL"]
[SourceTitle "CBM 209 Extra"]
[Source "ChessBase"]
[SourceDate "2022.09.30"]
[SourceVersion "1"]
[SourceVersionDate "2022.09.30"]
[SourceQuality "1"]

1. d4 Nf6 2. c4 b6 3. Nf3 Bb7 4. g3 c5 5. d5 b5 6. b3 bxc4 7. bxc4 d6 8. Nc3 Nbd7 9. Qa4 a6 10. Rb1 Qc7 11. Bh3 h6 12. 0-0 g5 13. Bf5 Bg7 14. h4 g4 15. Nd2 0-0 16. Nde4 Nxe4 17. Nxe4 Ne5 18. Bf4 Bc8 19. Bxc8 Rfxc8 20. Rb3 Qd7 21. Qxd7 Nxd7 22. Rb7 Rd8 23. Rfb1 Rab8 24. Kg2 Kf8 25. Rxd7 1-0